000 00501nam a2200229Ia 4500
003 OSt
005 20220912144336.0
006 a|||||r|||| 00| 0
007 ta
008 220909b |||||||| |||| 00| 0 eng d
020 _aSL0441012
024 _a187398
037 _cTextual
040 _aCSL
_beng
_cCSL
041 _aeng
082 _aB27, K4
100 _aScott
245 0 _aGroup theory
700 _aScott
942 _hB27, K4
_cTEXL
_2CC
999 _c5465
_d5465